000 00478nam a2200157 a 4500
040 _cDC
082 0 0 _a515 SOC 1985 A058 Or.
100 1 _aKupershmidt, Boris A.,
245 1 0 _aDiscrete Lax equations and differential-difference calculus /
260 _a[Paris] :
_bSoci©♭t©♭ math©♭matique de France,
_c1985
300 _a212 p. ;
_c24 cm
500 _aSummary in French
650 0 _aDifferential equations, Partial
650 0 _aCalculus of variations
942 _cEK
999 _c13912
_d13912